Les Coses de les coses /
ISBN:
9788409128976
Publicado:
Sant Joan les Fonts (Girona) :
Editorial Oliveras (Josep Oliveras Compte) Ptge. Montseny, 2 ,
2019
Descripción Física:
211 pàgines ; 21 cm
Idioma:
Catalán
MARC
| LEADER | 00000nam a2200000 i 4500 | ||
|---|---|---|---|
| 001 | 25195 | ||
| 003 | Arxiu | ||
| 005 | 20260324180727.0 | ||
| 008 | 200224s2019 spc|||| |||| 0|0 f cat| | ||
| 015 | |a LL2020 |2 bnc | ||
| 017 | |a DL GI 1091-2019 |b Biblioteca de Catalunya | ||
| 020 | |a 9788409128976 | ||
| 035 | |a (ES-BaCBU).b73843386 | ||
| 040 | |a ES-BaBC |b cat |e rda |c ES-BaBC | ||
| 080 | |a 821.134.1-31 |x "20" |2 2004 | ||
| 100 | 1 | |a Roma i Casanovas, Francesc, |d 1963- |e autor |9 52989 | |
| 245 | 1 | 4 | |a Les Coses de les coses / |c Francesc Roma i Casanovas ; pròleg, Ignasi Martínez Murciano |
| 264 | 1 | |a Sant Joan les Fonts (Girona) : |b Editorial Oliveras (Josep Oliveras Compte) Ptge. Montseny, 2, |c [2019] | |
| 300 | |a 211 pàgines ; |c 21 cm | ||
| 336 | |a text |b txt |2 rdacontent | ||
| 337 | |a sense mediació |b n |2 rdamedia | ||
| 338 | |a volum |b nc |2 rdacarrier | ||
| 907 | |a .b73843386 |b 18-02-21 |c 24-02-20 |d 24-02-20 |e m |f a |g - |h cat |i spc |j 0 |k 0 | ||
| 908 | |a BC | ||
| 940 | |a BC | ||
| 942 | |2 udc |c ARXIU |n 1 | ||
| 952 | |0 0 |1 0 |4 0 |6 BIB466 |7 1 |9 61070 |a Arxiu |b Arxiu |d 2022-03-08 |l 0 |o Bib-466 |p 25195 |r 2022-03-08 00:00:00 |w 2022-03-08 |y ARXIU | ||
| 999 | |c 81194 |d 81194 | ||